Daily Capital City Riddle #138 - Statistics

General Stats
  • This quiz has been taken 20 times
  • The average score is 29 of 33
Answer Stats
Type Answer % Correct
Correctly Placed Letter O
100%
Found Letter O
100%
Alphabet Letter S
100%
Found Letter A
95%
Alphabet Letter B
95%
Found Letter C
95%
Alphabet Letter D
95%
Alphabet Letter E
95%
Alphabet Letter I
95%
Alphabet Letter L
95%
Found Letter M
95%
Correctly Placed Letter N
95%
Found Letter N
95%
Alphabet Letter R
95%
Alphabet Letter T
95%
Alphabet Letter W
95%
Correctly Placed Letter A
89%
Alphabet Letter G
89%
Alphabet Letter K
89%
Correctly Placed Letter M
89%
Alphabet Letter U
89%
Alphabet Letter H
84%
Alphabet Letter Y
84%
Correctly Placed Letter C
79%
Alphabet Letter F
79%
Alphabet Letter J
79%
Mystery Capital Monaco
79%
Correctly Placed Letter O
79%
Alphabet Letter P
79%
Alphabet Letter Q
79%
Alphabet Letter V
79%
Alphabet Letter X
79%
Alphabet Letter Z
79%
No matching quizzes found
Score Distribution
Percent of People with Each Score
Percentile by Number Answered
Your Score History
You have not taken this quiz